La La La - Naughty Boy Feat. Sam Smith - All Lyrics - Statistics

General Stats
  • This quiz has been taken 101 times
  • The average score is 357 of 416
Answer Stats
Answer % Correct
I
100%
(I
100%
"La
100%
la
100%
la"
100%
la-la
100%
la-la-la
100%
Na-na
100%
na-na
100%
na-na-na
100%
oh)
100%
you
99%
a
97%
When
96%
when
96%
like
95%
my
95%
covering
93%
speak
93%
don't
92%
I'm
92%
it
92%
it,
92%
kid
91%
your
91%
ears
89%
go
88%
go)
88%
to
88%
mean
86%
the
86%
words
86%
count
84%
is
84%
can't
82%
nothing,
80%
But
79%
Hush,
79%
Enough
76%
enough
76%
judge
76%
silver
76%
'cause
75%
'Cause
75%
find
74%
heart
74%
and
72%
it's
72%
stop
71%
fire
68%
up
68%
speech,
67%
tiring
67%
turning
67%
if
66%
If
66%
be
64%
I'll
64%
(I'll
64%
lining
64%
way
64%
spit
62%
venom,
61%
volume
61%
block
59%
lose
57%
(Lose
57%
mind
57%
mind)
57%
catch
55%
out
55%
hate
54%
of
54%
read
54%
preach
53%
time
51%
new
50%
running
50%
before
49%
messiah,
49%
theories
47%
love
46%
our
45%
hiss
43%
about
42%
found
39%
hours,
39%
keep
37%
coward
34%
won't
34%
gonna
33%
worlds
33%
collide
32%
drown
30%
rather
29%
shut
25%
No matching quizzes found
Score Distribution
Percent of People with Each Score
Percentile by Number Answered
Your Score History
You have not taken this quiz